00445 2200181 4500245005300000020002200053250001100075100001000086700002200096650001700118650001100135005001900146260003800165041001400203084001100217300002600228336000900254 aKompos b : Seri Wirausahawan MudacCecephText a978-602-8823-54-8 aCet. 1 aCecep aZusiyanah Samosir aWirausahawan aKompos a20250317083815 aDepokbBinamuda Ciptakreasic2013 aIndonesia a338.04 avi, 58 hlm. :c25 cm. atext